[Event "Ruhrgebiet Verbandsliga Gruppe 2 1819"]
[Site "Nordrheinwestfalen"]
[Date "2018.10.07"]
[Round "2.2"]
[White "Renk, Christoph"]
[Black "Frohne, Gerd"]
[Result "0-1"]
[WhiteElo "1945"]
[BlackElo "2041"]
[PlyCount "114"]
[EventDate "2018.09.23"]
[EventType "team-tourn"]
[EventRounds "9"]
[EventCountry "GER"]
[SourceTitle "EXT 2022"]
[Source "ChessBase"]
[SourceDate "2021.10.06"]
[SourceVersion "1"]
[SourceVersionDate "2021.10.06"]
[SourceQuality "1"]
[WhiteTeam "Buer SF"]
[BlackTeam "Gladbeck SG"]
[WhiteTeamCountry "GER"]
[BlackTeamCountry "GER"]

1. Nf3 d5 2. g3 Nf6 3. Bg2 e6 4. d4 Be7 5. c4 0-0 6. 0-0 c6 7. Qc2 Nbd7 8. Nbd2 b6 9. e4 Bb7 10. e5 Ne8 11. Re1 Nc7 12. b3 c5 13. Bb2 Rc8 14. Rad1 Qe8 15. dxc5 Nxc5 16. Qb1 a5 17. cxd5 Bxd5 18. Nc4 Bxc4 19. bxc4 Qa4 20. Nd4 N7a6 21. Bf1 Rfd8 22. Nb5 Rxd1 23. Rxd1 Rd8 24. Rxd8+ Bxd8 25. Ba3 Nb4 26. Qb2 Qc2 27. Qd4 Be7 28. Bxb4 axb4 29. Na7 Qe4 30. Qd2 Qb7 31. Nb5 Nd7 32. Nd6 Qc7 33. Nb5 Qd8 34. f4 Nb8 35. Bd3 Na6 36. Qe2 Nc5 37. Bc2 Qa8 38. Qg2 Qd8 39. h4 h5 40. Kh1 g6 41. Kh2 Bf8 42. Kh3 Kg7 43. g4 hxg4+ 44. Kxg4 Kh6 45. Kh3 Be7 46. Qf2 Qa8 47. Nd6 Qh1+ 48. Qh2 Qxh2+ 49. Kxh2 Bxd6 50. exd6 Kg7 51. Be4 f5 52. Bc6 Kf7 53. Kg3 Nd3 54. Kf3 Nc1 55. Ke3 Nxa2 56. Kd2 Nc3 57. Kd3 Ne4 0-1

[Event "Ruhrgebiet Verbandsklasse Gruppe 1 1718"]
[Site "Germany"]
[Date "2018.02.25"]
[Round "7.2"]
[White "Wolf, Ulrich"]
[Black "Renk, Christoph"]
[Result "0-1"]
[WhiteElo "2035"]
[BlackElo "1975"]
[PlyCount "180"]
[EventDate "2017.09.17"]
[EventType "team-tourn"]
[EventRounds "9"]
[EventCountry "GER"]
[SourceTitle "EXT 2022"]
[Source "ChessBase"]
[SourceDate "2021.10.06"]
[SourceVersion "1"]
[SourceVersionDate "2021.10.06"]
[SourceQuality "1"]
[WhiteTeam "Wattenscheid SV III"]
[BlackTeam "Buer SF"]
[WhiteTeamCountry "GER"]
[BlackTeamCountry "GER"]

1. Nf3 d5 2. c4 c6 3. b3 Nf6 4. Bb2 Bf5 5. d3 e6 6. g3 Nbd7 7. Bg2 a5 8. a3 Qb6 9. Nbd2 Bc5 10. d4 Be7 11. 0-0 h6 12. Rc1 0-0 13. Ne5 Nxe5 14. dxe5 Ne4 15. Nxe4 dxe4 16. Rc3 Rad8 17. Qc1 Bc5 18. e3 Rd7 19. Rd1 Rfd8 20. Rxd7 Rxd7 21. Qb1 Rd2 22. h3 Qd8 23. Rc1 Rd3 24. Qc2 Qb6 25. Bc3 Bxa3 26. Rd1 Bc5 27. Kh2 Qd8 28. Ra1 b6 29. Bf1 Rd7 30. Bg2 Bb4 31. Bxb4 axb4 32. Ra2 Rd3 33. Qb1 Kh7 34. Qc2 c5 35. Rb2 Qc7 36. Ra2 Qxe5 37. Bf1 Rc3 38. Qd1 Qf6 39. Ra8 e5 40. Be2 Be6 41. Kg2 b5 42. cxb5 Bxb3 43. Qd8 Qxd8 44. Rxd8 Ba4 45. b6 Bc6 46. Bb5 Bb7 47. Rd1 b3 48. Rb1 c4 49. Bxc4 Rxc4 50. Rxb3 Rc1 51. Rb2 Kg6 52. Rb5 Kf6 53. Rb2 Ke6 54. Rb4 Kd6 55. Rb5 f6 56. Rb2 Rc5 57. Rd2+ Kc6 58. Rd8 Kxb6 59. g4 Rc7 60. Rd2 Bc6 61. Kg3 Rd7 62. Rb2+ Kc7 63. Rc2 Kd6 64. Rd2+ Ke7 65. Rb2 Ra7 66. Rb6 Bd7 67. Rb2 Ra1 68. Kg2 Rc1 69. Rb6 Ba4 70. Rb7+ Kf8 71. Kg3 Bd1 72. Kh4 Ba4 73. Kg3 g5 74. f3 exf3 75. Rb8+ Kg7 76. Kxf3 Bc6+ 77. Kf2 Rc2+ 78. Kg1 Rg2+ 79. Kf1 Rh2 80. Rb6 Bf3 81. Rb3 Rxh3 82. Rb4 e4 83. Kf2 Rh2+ 84. Kg3 Rh1 85. Rb2 Rg1+ 86. Kh3 Kg6 87. Rb8 Bxg4+ 88. Kh2 Re1 89. Rb3 f5 90. Kg3 Rxe3+ 0-1

[Event "Ruhrgebiet Verbandsklasse Gruppe 1 1718"]
[Site "Germany"]
[Date "2017.09.17"]
[Round "1.2"]
[White "Hortolani, Sven Holger"]
[Black "Renk, Christoph"]
[Result "1/2-1/2"]
[WhiteElo "2083"]
[BlackElo "1975"]
[PlyCount "75"]
[EventDate "2017.09.17"]
[EventType "team-tourn"]
[EventRounds "9"]
[EventCountry "GER"]
[SourceTitle "EXT 2022"]
[Source "ChessBase"]
[SourceDate "2021.10.06"]
[SourceVersion "1"]
[SourceVersionDate "2021.10.06"]
[SourceQuality "1"]
[WhiteTeam "Oberhausen SW"]
[BlackTeam "Buer SF"]
[WhiteTeamCountry "GER"]
[BlackTeamCountry "GER"]

1. Nf3 d5 2. g3 Nf6 3. Bg2 e6 4. c4 Be7 5. b3 0-0 6. Bb2 Re8 7. 0-0 b6 8. Qc2 Bb7 9. d4 Nbd7 10. Nc3 c6 11. e4 dxe4 12. Nxe4 Qc7 13. Rad1 Nxe4 14. Qxe4 c5 15. Qe2 Rad8 16. Rfe1 cxd4 17. Rxd4 Bxf3 18. Bxf3 Bf6 19. Rg4 Kf8 20. Kg2 Bxb2 21. Qxb2 Nf6 22. Rd4 Rxd4 23. Qxd4 Rd8 24. Qc3 Qc5 25. Rc1 a5 26. Qb2 Rd4 27. a3 Qd6 28. Re1 g5 29. Rd1 Rxd1 30. Bxd1 Ke7 31. Be2 Nd7 32. b4 axb4 33. axb4 Qe5 34. Qc2 h6 35. h3 Qd4 36. Qh7 Ne5 37. Qc2 Nd7 38. Qa4 1/2-1/2

[Event "Ruhrgebiet Verbandsliga Gruppe 2 1415"]
[Site "Germany"]
[Date "2014.11.16"]
[Round "3.2"]
[White "Renk, Christoph"]
[Black "Wortmann, Dirk"]
[Result "1/2-1/2"]
[WhiteElo "1939"]
[BlackElo "2015"]
[PlyCount "78"]
[EventDate "2014.09.21"]
[EventType "team-tourn"]
[EventRounds "9"]
[EventCountry "GER"]
[SourceTitle "EXT 2022"]
[Source "ChessBase"]
[SourceDate "2021.10.06"]
[SourceVersion "1"]
[SourceVersionDate "2021.10.06"]
[SourceQuality "1"]
[WhiteTeam "Buer SF"]
[BlackTeam "Oberhausen SV II"]
[WhiteTeamCountry "GER"]
[BlackTeamCountry "GER"]

1. d4 d5 2. c4 e6 3. Nc3 Nf6 4. Nf3 c6 5. Bg5 Be7 6. e3 Nbd7 7. Qc2 0-0 8. a3 Re8 9. Be2 Nf8 10. 0-0 Ng6 11. Rad1 b6 12. e4 Nxe4 13. Bxe7 Qxe7 14. Nxe4 dxe4 15. Qxe4 Bb7 16. Qe3 c5 17. Ne5 Nxe5 18. dxe5 Red8 19. Bf3 Rxd1 20. Rxd1 Rd8 21. Rxd8+ Qxd8 22. g3 Qa8 23. Bxb7 Qxb7 24. Qd3 Qc7 25. b4 Kf8 26. b5 Ke7 27. Qe4 h6 28. Kg2 Qc8 29. Kh3 Qd7 30. Kg2 Qc8 31. h3 Qd8 32. g4 Qc7 33. f4 Qd7 34. Kg3 g6 35. h4 Qd1 36. Qe3 Qf1 37. Qe4 Qg1+ 38. Kh3 Qf1+ 39. Kg3 Qg1+ 1/2-1/2

[Event "Ruhrgebiet Regionalliga 1314"]
[Site "Ruhrgebiet"]
[Date "2014.02.09"]
[Round "6.3"]
[White "Schriewer, Thomas"]
[Black "Renk, Christoph"]
[Result "1/2-1/2"]
[WhiteElo "2016"]
[BlackElo "2030"]
[PlyCount "33"]
[EventDate "2013.09.22"]
[EventType "team-tourn"]
[EventRounds "9"]
[EventCountry "GER"]
[SourceTitle "EXT 2024"]
[Source "ChessBase"]
[SourceDate "2023.10.10"]
[SourceVersion "1"]
[SourceVersionDate "2023.10.10"]
[SourceQuality "1"]
[WhiteTeam "Herne Sodingen II"]
[BlackTeam "Buer"]
[WhiteTeamCountry "GER"]
[BlackTeamCountry "GER"]

1. d4 g6 2. c4 Bg7 3. Nf3 d6 4. Nc3 Nf6 5. e4 0-0 6. Be2 Nbd7 7. 0-0 e5 8. Re1 c6 9. d5 Nc5 10. Bf1 a5 11. b3 cxd5 12. cxd5 Bd7 13. Ba3 Ne8 14. Rc1 Rc8 15. Nb1 Kh8 16. Nbd2 b6 17. Nc4 1/2-1/2

[Event "Ruhrgebiet Verbandsliga1 1213"]
[Site "Nordrheinwestfalen"]
[Date "2013.02.03"]
[Round "6.4"]
[White "Schaller, Torsten"]
[Black "Renk, Christoph"]
[Result "0-1"]
[WhiteElo "2047"]
[BlackElo "1970"]
[PlyCount "82"]
[EventDate "2012.09.02"]
[EventType "team-tourn"]
[EventRounds "9"]
[EventCountry "GER"]
[SourceTitle "EXT 2020"]
[Source "ChessBase"]
[SourceDate "2019.10.17"]
[SourceVersion "1"]
[SourceVersionDate "2019.10.17"]
[SourceQuality "1"]
[WhiteTeam "Welper SV"]
[BlackTeam "Buer SF"]
[WhiteTeamCountry "GER"]
[BlackTeamCountry "GER"]

1. e4 c5 2. Nf3 e6 3. d4 cxd4 4. Nxd4 Nc6 5. Nc3 a6 6. Be2 Qc7 7. Be3 Nf6 8. 0-0 b5 9. a3 Bb7 10. Nxc6 Bxc6 11. Qd4 Rc8 12. Rad1 Ba8 13. e5 Nd5 14. Nxd5 Bxd5 15. Rfe1 Bc5 16. Qxc5 Qxc5 17. Bxc5 Rxc5 18. Bd3 Ke7 19. f4 f5 20. exf6+ gxf6 21. Rd2 Bc6 22. Re3 f5 23. Rde2 Rg8 24. Rh3 Rg7 25. Rh6 Kf7 26. Rh3 Bd5 27. Kf1 Rc8 28. Rhe3 Rcg8 29. g3 h5 30. a4 Bc6 31. axb5 axb5 32. Re5 h4 33. c4 hxg3 34. hxg3 Rxg3 35. cxb5 Bg2+ 36. Rxg2 Rxg2 37. Be2 R2g3 38. Bc4 Rf3+ 39. Ke2 Rxf4 40. Rc5 Ke7 41. b6 Rb8 0-1

[Event "Ruhrgebiet VK2 0910"]
[Site "Ruhrgebiet"]
[Date "2010.03.21"]
[Round "8.4"]
[White "Renk, Christoph"]
[Black "Wuthcke, Dieter"]
[Result "1-0"]
[WhiteElo "1827"]
[BlackElo "2036"]
[PlyCount "41"]
[EventDate "2009.09.06"]
[EventType "team"]
[EventRounds "9"]
[EventCountry "GER"]
[SourceTitle "EXT 2011"]
[Source "ChessBase"]
[SourceDate "2010.11.26"]
[SourceVersion "1"]
[SourceVersionDate "2010.11.26"]
[SourceQuality "1"]
[WhiteTeam "Buer"]
[BlackTeam "Germania Kupferdreh"]
[WhiteTeamCountry "GER"]
[BlackTeamCountry "GER"]

1. d4 Nf6 2. Nf3 d6 3. c4 g6 4. Nc3 Bg7 5. Bg5 Nbd7 6. e3 c5 7. Be2 0-0 8. h3 cxd4 9. exd4 Qa5 10. a3 Re8 11. 0-0 Nf8 12. b4 Qc7 13. Rc1 Bf5 14. d5 a5 15. Nd4 Bd7 16. Qd2 axb4 17. axb4 Qb6 18. Be3 Qc7 19. c5 dxc5 20. bxc5 Qe5 21. Bf4 1-0

[Event "Ruhrgebiet VK2 0910"]
[Site "Ruhrgebiet"]
[Date "2010.02.07"]
[Round "6.4"]
[White "Dreier, Daniel"]
[Black "Renk, Christoph"]
[Result "1-0"]
[WhiteElo "1752"]
[BlackElo "1827"]
[PlyCount "83"]
[EventDate "2009.09.06"]
[EventType "team"]
[EventRounds "9"]
[EventCountry "GER"]
[SourceTitle "EXT 2011"]
[Source "ChessBase"]
[SourceDate "2010.11.26"]
[SourceVersion "1"]
[SourceVersionDate "2010.11.26"]
[SourceQuality "1"]
[WhiteTeam "Eichlinghofen SV II"]
[BlackTeam "Buer"]
[WhiteTeamCountry "GER"]
[BlackTeamCountry "GER"]

1. d4 Nf6 2. c4 e6 3. Nc3 Bb4 4. g3 c5 5. Nf3 0-0 6. Bg2 Nc6 7. 0-0 Qb6 8. Na4 Qa6 9. a3 Ba5 10. Nxc5 Qxc4 11. b4 d6 12. Nb3 Bb6 13. Bb2 Qb5 14. Bc3 Qh5 15. Nfd2 e5 16. dxe5 Nxe5 17. Nf3 Bg4 18. Qxd6 Nxf3+ 19. exf3 Rad8 20. Qe5 Bc8 21. Qxh5 Nxh5 22. Rad1 Rfe8 23. Bd4 Bxd4 24. Nxd4 Bd7 25. f4 b6 26. Nc6 Bxc6 27. Bxc6 Rf8 28. Rfe1 Rxd1 29. Rxd1 Nf6 30. Rd3 g6 31. Kg2 Rc8 32. b5 Kf8 33. Kf3 Ke7 34. g4 Rd8 35. Rxd8 Kxd8 36. g5 Nh5 37. f5 Ke7 38. fxg6 hxg6 39. Ke4 Ng7 40. Ke5 Ne6 41. f4 Nc5 42. Be4 1-0

[Event "Ruhrgebiet VL2 0708"]
[Site "Germany"]
[Date "2007.12.09"]
[Round "4.6"]
[White "Huestegge, Ulrich"]
[Black "Renk, Christoph"]
[Result "0-1"]
[WhiteElo "1877"]
[BlackElo "1827"]
[PlyCount "144"]
[EventDate "2007.09.02"]
[EventType "team"]
[EventRounds "9"]
[EventCountry "GER"]
[SourceTitle "EXT 2009"]
[Source "ChessBase"]
[SourceDate "2008.11.26"]
[SourceVersion "1"]
[SourceVersionDate "2008.11.26"]
[SourceQuality "1"]
[WhiteTeam "Bottrop"]
[BlackTeam "Buer"]
[WhiteTeamCountry "GER"]
[BlackTeamCountry "GER"]

1. c4 e5 2. Nc3 Nf6 3. g3 Bb4 4. Bg2 0-0 5. e4 Bxc3 6. bxc3 d6 7. Ne2 Nbd7 8. 0-0 Re8 9. d3 c6 10. h3 Nc5 11. f4 Bd7 12. Be3 b6 13. fxe5 dxe5 14. Bg5 Re6 15. d4 exd4 16. Nxd4 Re5 17. Bxf6 gxf6 18. Rf4 Qe7 19. Qf3 Re8 20. Re1 Kg7 21. Rh4 Rg5 22. Rf1 h6 23. Rf4 Rf8 24. Rxf6 Rg6 25. e5 Rg5 26. Qf4 Qxe5 27. Rxf7+ Rxf7 28. Qxf7+ Kh8 29. Qf8+ Kh7 30. Rf7+ Rg7 31. Rxg7+ Qxg7 32. Qxg7+ Kxg7 33. Nxc6 a5 34. Ne7 a4 35. g4 a3 36. Bf1 Ba4 37. Nf5+ Kf6 38. Nd4 Ke5 39. Nb5 Bxb5 40. cxb5 Na4 41. Bc4 Nxc3 42. h4 Ne4 43. Kg2 Kf4 44. Be6 Nc3 45. g5 hxg5 46. h5 Ke5 47. h6 Kf6 48. h7 Kg7 49. Bg8 Ne4 50. Kf3 Nf6 51. Kg3 Nxh7 52. Bc4 Nf6 53. Kf3 Kf8 54. Ke3 Ke7 55. Kd4 Kd6 56. Be2 g4 57. Kc4 g3 58. Bf3 Ng4 59. Kd4 Ne5 60. Be4 Ng6 61. Ke3 Nh4 62. Bc6 Kc5 63. Ke2 Kc4 64. Ke3 Kc3 65. Ke2 Kb2 66. Bd5 Kb1 67. Ke3 Kc2 68. Ke2 Kb2 69. Ke3 Nf5+ 70. Kf3 Nd4+ 71. Kxg3 Nxb5 72. Kf4 Nc3 0-1

[Event "Ruhrgebiet VL2 0708"]
[Site "Germany"]
[Date "2007.11.18"]
[Round "3.6"]
[White "Renk, Christoph"]
[Black "Olf, Hans Helmut"]
[Result "1/2-1/2"]
[WhiteElo "1827"]
[BlackElo "2017"]
[PlyCount "99"]
[EventDate "2007.09.02"]
[EventType "team"]
[EventRounds "9"]
[EventCountry "GER"]
[SourceTitle "EXT 2009"]
[Source "ChessBase"]
[SourceDate "2008.11.26"]
[SourceVersion "1"]
[SourceVersionDate "2008.11.26"]
[SourceQuality "1"]
[WhiteTeam "Buer"]
[BlackTeam "Welper SV"]
[WhiteTeamCountry "GER"]
[BlackTeamCountry "GER"]

1. d4 Nf6 2. Nf3 g6 3. c4 Bg7 4. Nc3 d5 5. Qb3 c6 6. cxd5 Nxd5 7. e4 Nxc3 8. bxc3 Qb6 9. Rb1 Qxb3 10. Rxb3 b6 11. Be3 0-0 12. Bd3 Bg4 13. Ng5 h6 14. h3 Bc8 15. Nf3 Ba6 16. Bxa6 Nxa6 17. Ke2 Rfc8 18. Rhb1 Nc7 19. Rd1 e6 20. Ne5 Ne8 21. f3 g5 22. h4 Nd6 23. hxg5 hxg5 24. Nd3 g4 25. Nf2 gxf3+ 26. gxf3 f5 27. Rg1 Kf7 28. Rbb1 Rh8 29. Rg2 Rag8 30. Rbg1 Bf8 31. Rxg8 Rxg8 32. Rxg8 Kxg8 33. Kd3 b5 34. d5 cxd5 35. exd5 exd5 36. Bxa7 Kf7 37. Nh3 Bh6 38. Be3 Bxe3 39. Kxe3 Nc4+ 40. Kd4 Ke6 41. Kc5 Nd2 42. Nf4+ Ke5 43. Nd3+ Ke6 44. f4 Ne4+ 45. Kd4 Kd6 46. Nc1 Nc5 47. Nb3 Na4 48. Nd2 Nc5 49. Nb3 Na4 50. Nd2 1/2-1/2

[Event "Ruhrgebiet VL2 0708"]
[Site "Germany"]
[Date "2007.10.21"]
[Round "2.6"]
[White "Romczik, Detlef"]
[Black "Renk, Christoph"]
[Result "0-1"]
[WhiteElo "2137"]
[BlackElo "1827"]
[PlyCount "86"]
[EventDate "2007.09.02"]
[EventType "team"]
[EventRounds "9"]
[EventCountry "GER"]
[SourceTitle "EXT 2009"]
[Source "ChessBase"]
[SourceDate "2008.11.26"]
[SourceVersion "1"]
[SourceVersionDate "2008.11.26"]
[SourceQuality "1"]
[WhiteTeam "Dortmund SV"]
[BlackTeam "Buer"]
[WhiteTeamCountry "GER"]
[BlackTeamCountry "GER"]

1. Nf3 c5 2. b3 Nf6 3. Bb2 b6 4. e3 Bb7 5. Be2 e6 6. 0-0 Be7 7. Ne5 d6 8. Bb5+ Kf8 9. Ng4 h5 10. Nxf6 Bxf6 11. d4 Nc6 12. c3 Qc7 13. Nd2 Ne7 14. Be2 e5 15. Bf3 d5 16. dxc5 e4 17. cxb6 axb6 18. Be2 Nf5 19. Re1 g5 20. Nf1 g4 21. Qd2 Rd8 22. Rad1 Be5 23. c4 d4 24. exd4 Bf4 25. Qb4+ Kg8 26. d5 Rh6 27. Bc1 Bd6 28. Qc3 Rg6 29. Qc2 Re8 30. Bd3 Nd4 31. Qd2 Bc5 32. Bxe4 Rxe4 33. Rxe4 Nf3+ 34. gxf3 gxf3+ 35. Kh1 Bc8 36. Re8+ Kh7 37. Qc3 f6 38. d6 Qd7 39. Re7+ Qxe7 40. dxe7 Bxe7 41. Qxf3 Bg4 42. Qd3 Bc5 43. Be3 Bf3# 0-1

[Event "Ruhrgebiet VL2 0708"]
[Site "Germany"]
[Date "2007.09.16"]
[Round "1.6"]
[White "Renk, Christoph"]
[Black "Bartel, Mario"]
[Result "1-0"]
[WhiteElo "1827"]
[BlackElo "2158"]
[PlyCount "50"]
[EventDate "2007.09.02"]
[EventType "team"]
[EventRounds "9"]
[EventCountry "GER"]
[SourceTitle "EXT 2009"]
[Source "ChessBase"]
[SourceDate "2008.11.26"]
[SourceVersion "1"]
[SourceVersionDate "2008.11.26"]
[SourceQuality "1"]
[WhiteTeam "Buer"]
[BlackTeam "Wattenscheid III"]
[WhiteTeamCountry "GER"]
[BlackTeamCountry "GER"]

1. e4 e5 2. Nf3 Nc6 3. d4 exd4 4. Nxd4 Bc5 5. Nf5 Qf6 6. Nc3 Nge7 7. Ne3 d6 8. Be2 Be6 9. 0-0 Nd4 10. Kh1 c6 11. f4 h5 12. e5 Qg6 13. Bd3 Ndf5 14. Ne4 0-0-0 15. Nxc5 dxc5 16. Qe2 h4 17. Nxf5 Nxf5 18. Qf2 h3 19. g3 Rxd3 20. cxd3 Bd5+ 21. Kg1 Nd4 22. Rd1 Qg4 23. Be3 Ne2+ 24. Kf1 Nxg3+ 25. Ke1 Nf5 1-0